| 000 | 00388nam a2200157Ia 4500 | ||
|---|---|---|---|
| 008 | 230917s9999||||xx |||||||||||||| ||und|| | ||
| 040 |
_e240073 _aMAIN |
||
| 041 | _aEnglish | ||
| 082 | _a512.24 K89C(2) | ||
| 100 | _aKrishnan, N S Gopala | ||
| 245 | 0 | _aCommutative algebra | |
| 250 | _a2nd ed. | ||
| 260 |
_aHyderabad _bUniversities Press _c2017 |
||
| 300 | _ax, 265 p. | ||
| 942 | _cBK | ||
| 999 |
_c168517 _d168517 |
||